Click to Translate - Estonian - Statistics

General Stats
  • This quiz has been taken 1,481 times
  • The average score is 12 of 20
Answer Stats
Hint Answer % Correct
No Ei
85%
Hello Tere
72%
Purple Lilla
70%
Airport Lennujaam
67%
Teacher Õpetaja
67%
Tree Puu
66%
Island Saar
66%
Lemon Sidrun
66%
Hundred Sada
65%
Winter Talv
65%
Boat Paat
62%
Monday Esmaspäev
61%
Happy Õnnelik
61%
Corner Nurk
60%
Grandmother Vanaema
54%
Hair Juuksed
51%
Please Palun
51%
Think Mõtlema
44%
Sorry Vabandust
44%
Later Hiljem
38%
No matching quizzes found
Score Distribution
Percent of People with Each Score
Percentile by Number Answered
Your Score History
You have not taken this quiz